书目信息 |
| 题名: |
插花基本技能
|
|
| 作者: | 张艳红 主编 | |
| 分册: | ||
| 出版信息: | 北京 中国林业出版社 2010 |
|
| 页数: | 142页 | |
| 开本: | 21cm | |
| 丛书名: | ||
| 单 册: | ||
| 中图分类: | J525.1 | |
| 科图分类: | ||
| 主题词: | 插花--职业教育--教材 , 插花 | |
| 电子资源: | ||
| ISBN: | 978-7-5038-5680-8 | |
| 000 | 00793nam0 2200253 45 | |
| 001 | 1133594719 | |
| 005 | 20110413090458.31 | |
| 010 | @a978-7-5038-5680-8@dCNY9.00 | |
| 100 | @a20110406d2010 em y0chiy0120 ea | |
| 101 | 0 | @achi |
| 102 | @aCN@b110000 | |
| 105 | @aa z 000yy | |
| 106 | @ar | |
| 200 | 1 | @a插花基本技能@ACha Hua Ji Ben Ji Neng@f张艳红主编@FZhang Yan Hong Zhu Bian |
| 210 | @a北京@c中国林业出版社@d2010 | |
| 215 | @a142页@c图@d21cm | |
| 300 | @a职业技能培训系列教材 | |
| 330 | @a本书介绍了插花概述、插花的器具与花材、插花造型的基本理论、插花艺术的基本造型等八个单元的内容。 | |
| 606 | 0 | @a插花@x职业教育@j教材 |
| 606 | 0 | @a插花 |
| 690 | @aJ525.1@v4 | |
| 701 | 0 | @a张艳红@AZhang Yan Hong@4主编 |
| 801 | 0 | @aCN@bTANGWEI@c20110413 |
| 905 | @b0535081-85@dJ525.1@e303@f5 | |
| 插花基本技能/张艳红主编.-北京:中国林业出版社,2010 |
| 142页:图;21cm |
| 职业技能培训系列教材 |
| ISBN 978-7-5038-5680-8:CNY9.00 |
| 本书介绍了插花概述、插花的器具与花材、插花造型的基本理论、插花艺术的基本造型等八个单元的内容。 |
| ● |
| 相关链接 |
|
|
|
|
正题名:插花基本技能
索取号:J525.1/303
 
预约/预借
| 序号 | 登录号 | 条形码 | 馆藏地/架位号 | 状态 | 备注 |
| 1 | 0535081 | 205350813 | 第一样本阅览室/ [索取号:J525.1/303] | 在馆 | |
| 2 | 0535082 | 205350822 | 第一借阅区/ [索取号:J525.1/303] | 在馆 | |
| 3 | 0535083 | 205350831 | 第一借阅区/ [索取号:J525.1/303] | 在馆 | |
| 4 | 0535084 | 205350840 | 第一借阅区/ [索取号:J525.1/303] | 在馆 | |
| 5 | 0535085 | 205350859 | 第一借阅区/ [索取号:J525.1/303] | 在馆 |